Walpole and the georgians

Bibliographic Details
Main Author: Hopewell, S
Format: Book
Published: England : Wayland , 1987
Series:Life and Times
Subjects:

MARC

LEADER 00000cam a2200000 7i4500
001 0000002090
002 000002284
005 20090731.0
020 |a 1852100001 
090 0 0 |a 909   |b HOP 
100 1 |a Hopewell, S 
245 1 0 |a Walpole and the georgians   |c S.Hopewell 
260 |a England :   |b Wayland ,   |c 1987 
300 |a 48p. :   |b ill ;   |c 23cm. 
490 0 |a Life and Times 
650 0 0 |a Great Britain   |x History   |x Juvenile literature 
999 |a 033681   |b BUKU   |c JUNIOR BOOKS   |e PERPUSTAKAAN KOMUNITI PETALING JAYA